Ferosimen dalam teknologi binaan
| Main Author: | |
|---|---|
| Format: | Book |
| Published: |
Kuala Lumpur :
Dewan Bahasa dan Pustaka ,
1997
|
| Subjects: |
MARC
| LEADER | 00000cam a2200000 7i4500 | ||
|---|---|---|---|
| 001 | 0000006161 | ||
| 005 | 20050613.0 | ||
| 020 | |a 9836257837 | ||
| 040 | |a INS | ||
| 090 | 0 | 0 | |a TA683 |b M214 1997 |
| 100 | 1 | |a Mahyuddin Ramli | |
| 245 | 1 | 0 | |a Ferosimen dalam teknologi binaan |c Mahyuddin Ramli |
| 260 | |a Kuala Lumpur : |b Dewan Bahasa dan Pustaka , |c 1997 | ||
| 300 | |a 130m.s. ; |c 24 cm. | ||
| 650 | 0 | 0 | |a Composite reinforced concrete |
| 650 | 0 | 0 | |a Reinforced concrete |
| 650 | 0 | 0 | |a Reinforced concrete construction |
| 999 | |a 0000007638 |b BOOK |c Open Shelf |e Default branch | ||